| 000 | 00317nam a2200109Ia 4500 | ||
|---|---|---|---|
| 008 | 230907s9999||||xx |||||||||||||| ||und|| | ||
| 082 |
_a697 _bSTA |
||
| 100 |
_aStanford, Herbert W., _9116155 |
||
| 245 | 0 | _aAnalysis and design of heating, ventilating, and air-conditioning systems / | |
| 300 | _apages cm | ||
| 942 | _cBK | ||
| 999 |
_c601287 _d601287 |
||